000 00744cam a2200241 a 4500
008
020 _a9781416048336 (hbk.)
049 _aMAIN
090 _aRC372
_bEPI
245 0 0 _aEpilepsy syndromes /
_c[edited by] Mary Ann Werz, Ignacio L. Pita.
260 _aPhiladelphia, PA :
_bSaunders/Elsevier,
_cc2010.
300 _aix, 216 p. :
_bill. (some col.) ;
_c29 cm. +
_e2 CDROMs (4 3/4 in.)
504 _aIncludes bibliographical references.
500 _aIncludes index.
650 0 _aEpilepsy.
700 1 _aWerz, Mary Ann.
700 1 _aPita, Ignacio L.
907 _a.b1038439x
_b05-12-18
_c27-09-17
003
005 20230123141102.0
040 _cNUST
942 _cBOOKS
_kRC372
_mEPI
999 _c167419
_d167419